Normal view
MARC view
- Combat actions in Korea: infantry, artillery, armor
Entry Topical Term
001 - CONTROL NUMBER
- control field: 106306
003 - CONTROL NUMBER IDENTIFIER
- control field: NUST
005 - DATE AND TIME OF LATEST TRANSACTION
- control field: 20221229091516.0
008 - FIXED-LENGTH DATA ELEMENTS
- fixed length control field: 221229|| aca||aabn | a|a d
040 ## - CATALOGING SOURCE
- Original cataloging agency: NUST
- Transcribing agency: NUST
150 ## - HEADING--TOPICAL TERM
- Topical term or geographic name entry element: Combat actions in Korea: infantry, artillery, armor
670 ## - SOURCE DATA FOUND
- Source citation: Work cat.: (NUST)185463: Gugeler, Russell A. 49117, Combat actions in Korea:, 1954
